A escola do Rio Verde (Registo nº 2203)

Detalhes MARC
000 -Etiqueta do registo
Cabeçalho 00646nam a22002171 4500
005 - Identificador da versão
Campo de controlo 20240813121927.0
100 ## - Dados gerais de processamento
Dados gerais de processamento 19910916d1980 da y0pory5003 ba
102 ## - Pais de publicação ou produção
País de publicação Portugal
101 0# - Língua de publicação
Língua do texto, banda sonora, etc. Português
215 ## - Descrição física 
Indicação específica da natureza do documento e extensão da espécie 29, [2] p.
Outras indicações físicas il.
Dimensões 23 cm
200 1# - Titulo e menção de responsabilidade
Título próprio A escola do Rio Verde
Primeira menção de responsabilidade Matilde Rosa Araújo
Outras menções de responsabilidade il. Romeu Costa
210 ## - Publicação, Distribuição, etc. 
Lugar da edição, distribuição, etc. [Lisboa]
Nome do editor, distribuidor, etc. Livros Horizonte
Data da publicação, distribuição, etc. [1980]
606 ## - Nome comum usado como assunto
Número de registo de entrada de autoridade 0000364
Palavra de ordem Literatura portuguesa infanto-juvenil
Subdivisão de assunto Conto
675 ## - Classificação Decimal Universal (CDU)
Notação 821.134.3-34
Edição
Língua da edição por
702 ## - Nome de autor-pessoa física (responsabilidade secundária)
Número de registo de entrada de autoridade 0001019
Palavra de ordem Costa
Outra parte do nome não tomada para palavra de ordem Romeu
Código de função Ilustrador / Técnico de desenho computorizado
700 ## - Nome de autor-pessoa física (responsabilidade principal)
Número de registo de entrada de autoridade 0001018
Palavra de ordem Araújo
Outra parte do nome não tomada para palavra de ordem Matilde Rosa
942 ## - Elementos de entrada adicionados (Koha)
Tipo de item no Koha Livro
Exemplares
Situação do levantamento Origin of item (home branch) (coded) Biblioteca de empréstimo Código de barras Cota Circulation type (not for loan) Tipo de documento Nota do exemplar Damaged status
  Biblioteca Escolar da Coca Maravilhas Biblioteca Escolar da Coca Maravilhas BECM1332/91 8POR ARA   Livro Sem mensagem